| 000 | 00566nam a22002057a 4500 | ||
|---|---|---|---|
| 001 | 00028792 | ||
| 005 | 20260416135426.0 | ||
| 008 | 260416b ag ||||| |||| 00| 0 spa d | ||
| 020 | _a9561206268 | ||
| 040 |
_aAR-CcCEOS _bspa _cAR-CcCEOS |
||
| 041 | _aspa | ||
| 080 | _a820-3(73) | ||
| 090 | _bFIT | ||
| 100 | 1 |
_aFitzgerald, F. Scott, _d1896-1940 _91061 |
|
| 245 |
_aEl Ășltimo magnate / _cF. Scott Fitzgerald |
||
| 260 |
_aChile : _bZig-Zag, _cc1991. |
||
| 300 |
_a211 p. ; _c24x15 cm. |
||
| 655 | 0 |
_aliteratura estadounidense _938 _vnovela |
|
| 942 |
_2udc _cBK _n0 |
||
| 999 |
_c28828 _d28828 |
||